000 00725nam a2200289Ia 4500
005 20260324143044.0
008 008 260324s9999 xx 000 0 eng d
020 _a9781315035529
037 _aEBOOK
040 _aCRL
040 _beng
040 _cCRL
041 _2eng
041 _aeng
084 _qCRL
100 _aHarold S. Orenstein; David M. Glantz
245 0 _aSoviet Documents on the Use of War Experience
245 0 _bVolume Three: Military Operations 1941 and 1942
260 _bTaylor and Francis
260 _c1993
365 _a
365 _b150
856 _uhttp://www.taylorfrancis.com/books/9781315035529
942 _cEBOOK
999 _c1819166
_d1819166